[Event "Cappelle Online Blitz op"]
[Site "Europe Echecs INT"]
[Date "2021.03.07"]
[Round "10"]
[White "Jourdain, Antoine"]
[Black "Mar, Karmen"]
[Result "0-1"]
[WhiteElo "1883"]
[BlackElo "2093"]
[PlyCount "70"]
[EventDate "2021.03.07"]
[EventType "swiss (blitz)"]
[EventRounds "11"]
[EventCountry "FRA"]
[SourceTitle "CBM 201 Extra"]
[Source "ChessBase"]
[SourceDate "2021.05.31"]
[SourceVersion "1"]
[SourceVersionDate "2021.05.31"]
[SourceQuality "1"]

1. c4 c6 2. g3 d5 3. Bg2 Nf6 4. Nf3 Bg4 5. 0-0 e6 6. b3 Nbd7 7. Bb2 Be7 8. d3 0-0 9. Nbd2 Re8 10. h3 Bh5 11. e4 dxe4 12. dxe4 e5 13. Qc2 Bxf3 14. Nxf3 Bd6 15. Rad1 Qe7 16. Qd2 Bb4 17. Qc2 a5 18. Nd2 Bc5 19. Nb1 Nf8 20. Nc3 Ne6 21. Na4 Bd4 22. Nc3 Nc5 23. Rfe1 Nh5 24. Ne2 Bxb2 25. Qxb2 Rad8 26. Rxd8 Rxd8 27. Qc2 Qd6 28. Nc3 Ne6 29. Rd1 Nd4 30. Qd3 h6 31. Kh2 Nf6 32. Ne2 Nf3+ 33. Qxf3 Qxd1 34. Nc3 Qxf3 35. Bxf3 Rd3 0-1

[Event "Cappelle Online Blitz op"]
[Site "Europe Echecs INT"]
[Date "2021.03.07"]
[Round "8"]
[White "Jourdain, Antoine"]
[Black "Morata, Jules"]
[Result "1-0"]
[WhiteElo "1883"]
[BlackElo "1568"]
[PlyCount "71"]
[EventDate "2021.03.07"]
[EventType "swiss (blitz)"]
[EventRounds "11"]
[EventCountry "FRA"]
[SourceTitle "CBM 201 Extra"]
[Source "ChessBase"]
[SourceDate "2021.05.31"]
[SourceVersion "1"]
[SourceVersionDate "2021.05.31"]
[SourceQuality "1"]

1. c4 f5 2. g3 Nf6 3. Bg2 g6 4. Nf3 Bg7 5. 0-0 0-0 6. Nc3 d6 7. d3 e5 8. Rb1 Qe8 9. b4 Nc6 10. b5 Nd4 11. e3 Nxf3+ 12. Bxf3 Rb8 13. Bb2 b6 14. d4 Bb7 15. dxe5 dxe5 16. Bxb7 Rxb7 17. Nd5 e4 18. Nxf6+ Bxf6 19. Qd5+ Kg7 20. Qxb7 Bxb2 21. Rxb2 Qe5 22. Rd2 g5 23. Qd5 Qxd5 24. Rxd5 h6 25. Rfd1 f4 26. exf4 gxf4 27. Rd7+ Kg6 28. Rxc7 fxg3 29. hxg3 e3 30. fxe3 Rf3 31. Kg2 Rxe3 32. Rd6+ Kf5 33. Rf7+ Ke5 34. Re7+ Kxd6 35. Rxe3 Kc5 36. Re4 1-0

[Event "Cappelle Online Rapid op"]
[Site "Europe Echecs INT"]
[Date "2021.03.06"]
[Round "9"]
[White "Godon, Philippe"]
[Black "Jourdain, Antoine"]
[Result "1-0"]
[WhiteElo "1818"]
[BlackElo "1883"]
[PlyCount "63"]
[EventDate "2021.03.06"]
[EventType "swiss (rapid)"]
[EventRounds "9"]
[EventCountry "FRA"]
[SourceTitle "CBM 201 Extra"]
[Source "ChessBase"]
[SourceDate "2021.05.31"]
[SourceVersion "1"]
[SourceVersionDate "2021.05.31"]
[SourceQuality "1"]

1. e4 d6 2. d4 Nf6 3. Nc3 g6 4. Bc4 Bg7 5. Qe2 c6 6. e5 dxe5 7. dxe5 Nd5 8. Bd2 0-0 9. Nf3 e6 10. 0-0-0 Qc7 11. h4 h5 12. g4 hxg4 13. Nh2 Qxe5 14. Qxe5 Bxe5 15. Nxg4 Bg7 16. h5 b5 17. Bd3 Nxc3 18. Bxc3 Bxc3 19. bxc3 Kg7 20. Rdg1 Nd7 21. hxg6 fxg6 22. Rh6 Nc5 23. Rxg6+ Kf7 24. Ne5+ Ke8 25. Rg8 Nxd3+ 26. cxd3 Bb7 27. d4 a5 28. R1g7 Ba6 29. Nxc6 Rxg8 30. Rxg8+ Kd7 31. Rxa8 Kxc6 32. Rxa6+ 1-0

[Event "Cappelle Online Rapid op"]
[Site "Europe Echecs INT"]
[Date "2021.03.06"]
[Round "6"]
[White "Jourdain, Antoine"]
[Black "Gu, Xiaobing"]
[Result "0-1"]
[WhiteElo "1883"]
[BlackElo "2263"]
[PlyCount "108"]
[EventDate "2021.03.06"]
[EventType "swiss (rapid)"]
[EventRounds "9"]
[EventCountry "FRA"]
[SourceTitle "CBM 201 Extra"]
[Source "ChessBase"]
[SourceDate "2021.05.31"]
[SourceVersion "1"]
[SourceVersionDate "2021.05.31"]
[SourceQuality "1"]

1. c4 Nf6 2. g3 g6 3. Bg2 Bg7 4. Nf3 0-0 5. 0-0 d6 6. Nc3 e5 7. d3 Nc6 8. Rb1 a5 9. a3 Bg4 10. b4 Qd7 11. b5 Ne7 12. Re1 Bh3 13. Bh1 h6 14. Bb2 Ng4 15. Nd2 c6 16. bxc6 bxc6 17. Na4 Rab8 18. e3 f5 19. Nb3 f4 20. exf4 exf4 21. Bxg7 Kxg7 22. Nd4 fxg3 23. hxg3 Nxf2 24. Qe2 Rxb1 25. Rxb1 Ng4 26. Ne6+ Kg8 27. Nxf8 Kxf8 28. Qf3+ Kg7 29. d4 Nf5 30. Qxc6 Qxc6 31. Bxc6 Nxd4 32. Rb7+ Kf6 33. Bd5 Ne2+ 34. Kh1 Nxg3+ 35. Kg1 Kg5 36. Rb3 Ne2+ 37. Kh1 Nf2+ 38. Kh2 Bf5 39. Kg2 Ng4 40. Nb2 h5 41. Rb6 h4 42. Rxd6 Nf4+ 43. Kf3 h3 44. Kg3 Nxd5 45. Rxd5 h2 46. Rd1 Be4 47. c5 h1Q 48. Rxh1 Bxh1 49. Nc4 a4 50. Nd2 Nf6 51. Kh2 Bc6 52. Kg3 Ne4+ 53. Nxe4+ Bxe4 54. Kf2 Kf4 0-1

[Event "Montigny le Bretonneux 17th"]
[Site "Montigny le Bretonneux"]
[Date "2018.10.28"]
[Round "9"]
[White "Claisse, Patrick"]
[Black "Jourdain, Antoine"]
[Result "1-0"]
[WhiteElo "1733"]
[BlackElo "1767"]
[PlyCount "163"]
[EventDate "2018.10.20"]
[EventType "tourn"]
[EventRounds "9"]
[EventCountry "FRA"]
[SourceTitle "CBM 187 Extra"]
[Source "ChessBase"]
[SourceDate "2018.11.04"]
[SourceVersion "1"]
[SourceVersionDate "2018.11.04"]
[SourceQuality "1"]

1. e4 d6 2. d4 Nf6 3. Nc3 g6 4. Nf3 Bg7 5. Be2 c6 6. 0-0 0-0 7. h3 Nbd7 8. Be3 e5 9. dxe5 dxe5 10. a4 Qe7 11. Qd3 b6 12. Qc4 Bb7 13. Rfd1 Rfe8 14. Nd2 Nf8 15. Nb3 Ne6 16. Bf1 Nd7 17. Rd2 Nb8 18. Ne2 Ba6 19. Qc3 c5 20. Nbc1 Nc6 21. Qa3 Na5 22. b3 f5 23. f3 Rad8 24. Nc3 Rxd2 25. Bxd2 Bxf1 26. Kxf1 fxe4 27. Nxe4 Nc6 28. c3 Rf8 29. Ne2 Qh4 30. Kg1 Ncd8 31. Qc1 Nf7 32. Qe1 Qe7 33. Rd1 Nfg5 34. Qg3 Nxe4 35. fxe4 Rd8 36. Qe1 Qd7 37. Qh4 h6 38. c4 g5 39. Qg4 Nd4 40. Qxd7 Rxd7 41. Nc1 Rf7 42. Rf1 Bf6 43. Bc3 Kg7 44. Bxd4 exd4 45. Nd3 Re7 46. Re1 Be5 47. Kf2 Kg6 48. g4 Kf6 49. Kg2 Bf4 50. Re2 Be3 51. Kf3 Kg6 52. Re1 Rf7+ 53. Kg2 Re7 54. Kf3 Rf7+ 55. Kg2 Bf4 56. Rf1 h5 57. Rh1 Re7 58. Re1 Rh7 59. Rh1 Be3 60. Rf1 Re7 61. Kf3 hxg4+ 62. hxg4 Rh7 63. Kg2 Re7 64. Kf3 Bf4 65. Rh1 Rf7 66. Kg2 Rf8 67. Rf1 Kg7 68. Rh1 Bd6 69. Rf1 Rxf1 70. Kxf1 Kf6 71. Kf2 Ke6 72. Kf3 a6 73. Ke2 Kd7 74. Kf3 Kc6 75. e5 Be7 76. Ke4 b5 77. axb5+ axb5 78. cxb5+ Kxb5 79. Kd5 Kb6 80. Ke6 Bd8 81. Kd7 Bc7 82. e6 1-0

[Event "Montigny le Bretonneux 17th"]
[Site "Montigny le Bretonneux"]
[Date "2018.10.20"]
[Round "1"]
[White "Jourdain, Antoine"]
[Black "Appavou, Calixte"]
[Result "1-0"]
[WhiteElo "1767"]
[BlackElo "1761"]
[PlyCount "73"]
[EventDate "2018.10.20"]
[EventType "tourn"]
[EventRounds "9"]
[EventCountry "FRA"]
[SourceTitle "CBM 187 Extra"]
[Source "ChessBase"]
[SourceDate "2018.11.04"]
[SourceVersion "1"]
[SourceVersionDate "2018.11.04"]
[SourceQuality "1"]

1. c4 e5 2. g3 Nf6 3. Bg2 Nc6 4. Nc3 Bc5 5. e3 0-0 6. Nge2 Re8 7. 0-0 Be7 8. d4 d6 9. Qc2 a6 10. a3 a5 11. Rb1 g6 12. dxe5 Nxe5 13. b3 Bf8 14. Bb2 Bg7 15. Rbd1 Qe7 16. Nd4 c6 17. h3 Ned7 18. Na4 Nc5 19. Nb6 Ra6 20. Nxc8 Rxc8 21. b4 axb4 22. axb4 Ne6 23. Nb3 Raa8 24. Ra1 Ne8 25. Na5 d5 26. cxd5 cxd5 27. Qd2 Bxb2 28. Qxb2 Rd8 29. Rfc1 Ng5 30. Rc2 Rd7 31. Kh2 Ne6 32. Nc6 bxc6 33. Rxa8 Rd6 34. b5 cxb5 35. Qxb5 Qf6 36. Rcc8 Kg7 37. Rxe8 1-0